La vida cotidiana de los árabes en la Europa Medieval

Guardat en:
Dades bibliogràfiques
Autor principal: Dufourcq, Charles-Emmanuel (autor)
Format: Llibre
Idioma:espanyol
Publicat: Madrid, España Temas de Hoy 1980
Col·lecció:Colección Historia, 10
Matèries:
Etiquetes: Afegir etiqueta
Sense etiquetes, Sigues el primer a etiquetar aquest registre!

MARC

LEADER 00000nam a2200000 a 4500
001 UCX2952
003 CL-VaPUC
005 20210714001428.0
008 910909e19800000SP |||||||||||||||||spa|d
999 |c 223850  |d 223848 
040 |c Pontificia Universidad Católica de Valparaíso 
082 0 4 |a 303.482 DUF 1980  |2 21 
100 0 |a Dufourcq, Charles-Emmanuel  |e autor  |9 319078 
245 1 3 |a La vida cotidiana de los árabes en la Europa Medieval 
260 |a Madrid, España  |b Temas de Hoy  |c 1980 
300 |a 301 páginas 
490 0 |a Colección Historia,  |v  10 
583 |a last modification  |c 19910909 00:00:00  |k Rodrigo Vera 
650 0 |a Cambio social   |9 256857 
650 0 |a Influencia social  |9 309315 
650 0 |a Civilización islámica  |2 CL-VaPUC  |9 314083 
650 0 |a Civilización medieval   |9 265320 
942 |c BK  |2 ddc 
945 |d 19910909 00:00:00 
952 |0 0  |1 0  |2 ddc  |4 0  |6 303_482000000000000_DUF_1980  |7 0  |8 A  |9 220063  |a BIBHIS  |b BIBHIS  |d 2019-11-15  |i 2887371  |o 303.482 DUF 1980  |p 2887371  |r 2025-01-20  |t 1  |w 2019-11-15  |y BK  |k HIS